Statistics for Art throughout the Ages

Click here to take the quiz!

General Stats

  • This quiz has been taken 42 times
  • The average score is 6 of 16

Answer Stats

Answer% Correct
Impressionism
86%
Cubism
83%
Italian Renaissance
81%
Baroque
72%
Expressionism
56%
Rococo
53%
Realism
50%
Romanticism
44%
Neoclassicism
22%
Post-Impressionism
17%
Art Nouveau
11%
Futurism
8%
Neo-Impressionism
8%
Ancient Greek Art
0%
Byzantine Art
0%
Russian avant-garde
0%

Score Distribution

Percentile by Number Answered

Percent of People with Each Score

Your Score History

You have not taken this quiz